00514nmm a2200181Ia 4500008004100000041000800041100002100049245001900070264005100089300001800140490001100158650003000169700002100199700003600220856005200256942000700308999001700315251105s9999||||xx |||||||||||||||||und|| aspa aCórdoba, David 0aTeoría queer a[Madrid, España] :bEditorial Egales, c2019 a257 páginas aEnsayo aSocial Sciences (General) aCórdoba, David1 a Sáez, Javier y Vidarte, Paco uhttps://public.digitaliapublishing.com/a/158426 cCF c64203d64203